00814nam a2200205 i 450000100060000000300090000600500170001500700030003200800410003524501380007625000120021426000500022630000270027649000440030370000430034783000490039085200310043999900170047095201210048755403ES-MaACL20250808214550.0t|030918s1978 sp ||||1| spa d00aDerecho canónico posconciliar b: suplemento al código de derecho canónico / cpor Lorenzo Miguélez Domínguez ... [et al.]. a6ª ed. aMadrid : b[La Editorial Católica], c1978. aXXI, 672 p. ; c20 cm.1 aBiblioteca de autores cristianos ; v7b1 aMiguélez Domínguez, Lorenzo98104800aBiblioteca de autores cristianosv7b9178679 aES-MaACLjA-8707 bR.97992 c55403d55403 00104070aATENEOMbATENEOMcDEPO1d2008-01-17eSCl0oA-8707p1058210r2023-02-23 00:00:00w2023-02-23yMONOGRAFIA